000 00501nam a22001697a 4500
008 131030b xxu||||| |||| 00| 0 eng d
082 _221 ed.
_a346.086 JER
100 _aJerry, Robert H.
245 _aUnderstanding insurance law /
_c Robert H. Jerry and Douglas R. Richmond
250 _a5 ed.
260 _aIndia :
_bLexisNexis
_c2012
300 _axxiv, 1005 P. ;
_c24 cm.
500 _aIncludes Index
650 _aInsurance law
650 _aUnderstanding insurance law
942 _2ddc
_cBK
999 _c5817
_d5817